|
|
|
|
| LEADER |
00000nam a2200000Ii 4500 |
| 001 |
DIGEDUNAV0352 |
| 003 |
NyNyDIG |
| 006 |
m o d |
| 007 |
cr ||||||||||| |
| 008 |
220609s2017 sp a o 000 0 spa d |
| 035 |
|
|
|a (OCoLC)1333702051
|
| 040 |
|
|
|a DGITA
|b eng
|e rda
|e pn
|c DGITA
|
| 020 |
|
|
|z 9788431331672
|
| 050 |
1 |
4 |
|a HF5415 ebook
|
| 245 |
0 |
0 |
|a Marketing estratégico /
|c Julián Villanueva, Juan Manuel de Toro, (coords.)
|
| 264 |
|
1 |
|a Pamplona, España :
|b EUNSA, Ediciones Universidad de Navarra,
|c [2017]
|
| 300 |
|
|
|a 1 online resource :
|b illustrations.
|
| 336 |
|
|
|a text
|b txt
|2 rdacontent
|
| 337 |
|
|
|a computer
|b c
|2 rdamedia
|
| 338 |
|
|
|a online resource
|b cr
|2 rdacarrier
|
| 347 |
|
|
|a text file
|2 rdaft
|
| 347 |
|
|
|b PDF
|
| 490 |
1 |
|
|a Libros IESE
|
| 500 |
|
|
|a "IESE Bussiness School"--Cover
|
| 588 |
0 |
|
|a Online resource; title from PDF title page (Digitalia, viewed June 9, 2022)
|
| 650 |
|
0 |
|a Marketing.
|
| 650 |
|
0 |
|a Sales promotion.
|
| 655 |
|
0 |
|a Electronic books.
|
| 700 |
1 |
|
|a Villanueva, Julián,
|e editor.
|
| 700 |
1 |
|
|a Toro, Juan Manuel de,
|e editor.
|
| 791 |
2 |
|
|a Digitalia (Firm),
|e distributor.
|
| 793 |
0 |
|
|g Digitalia eBook Collection:
|a Ediciones Universidad de Navarra
|
| 776 |
0 |
8 |
|i Print version:
|t Marketing estratégico.
|b Primera edición.
|d Pamplona, España : EUNSA, Ediciones Universidad de Navarra, [2017]
|z 9788431331672
|
| 830 |
|
0 |
|a Libros IESE.
|
| 856 |
4 |
0 |
|3 Digitalia Hispánica
|u https://www.digitaliapublishing.com/a/51343/
|
| 910 |
|
|
|a Premium collection: 2022
|